|
|
|
|
| LEADER |
00000nkm a2200000 a 4500 |
| 001 |
vtls010860248 |
| 003 |
SK-MaSNL |
| 005 |
20260331210809.0 |
| 007 |
kf bo |
| 008 |
231214s1966 xo g 00 kuslo |
| 015 |
|
|
|a SNBG
|
| 035 |
|
|
|a 3D1196FD-ACE5-4880-BAD5-FF11ADC0C9F9
|
| 035 |
|
|
|a urn:nbn:sk:snk-kmy0nz
|
| 035 |
|
|
|a urn:nbn:sk:snk-km007x7i
|
| 040 |
|
|
|a SNK
|b slo
|c SNK
|e AACR2
|
| 041 |
0 |
|
|a slo
|
| 043 |
|
|
|a e-xo---
|
| 044 |
|
|
|a xo
|c SK
|
| 080 |
|
|
|a 373/378
|2 2001
|
| 080 |
|
|
|a 908(437.6)
|2 2001
|
| 080 |
|
|
|a (089.7)
|2 2001
|
| 100 |
1 |
|
|a Kanka, Ján
|4 pht
|9 181462
|
| 245 |
1 |
0 |
|a Sládkovičovo - škola
|h grafika
|c fotogr. Ján Kanka
|
| 260 |
|
|
|a [Bratislava]
|b VPL
|c 1966
|
| 300 |
|
|
|a 1 pohľadnica
|b čiernobiela
|c 11 x 15 cm
|
| 650 |
0 |
7 |
|a školy
|2 SNKPH
|9 1276
|
| 651 |
|
7 |
|a Slovensko
|2 SNKPH
|9 14231
|
| 651 |
|
7 |
|a Sládkovičovo (Slovensko)
|2 SNKPH
|9 73212
|
| 655 |
|
7 |
|a miestne pohľadnice
|2 SNKPH
|9 70510
|
| 852 |
|
|
|a Slovenská národná knižnica
|
| 958 |
|
|
|a GC
|
| 958 |
|
|
|a GBN
|
| 958 |
|
|
|a OND
|
| 999 |
|
|
|c 585420
|d 587350
|
| 952 |
|
|
|a SNK
|b SNK
|y PREZ
|7 0
|p 17A1078971
|o snkSP 1458
|0 0
|1 0
|4 0
|d 2015-08-12
|f 1
|l 0
|r 2026-02-23 15:06:29
|w 2026-02-23
|